000 00813nam0a22002651 4500
001 rc\2591852
005 20250623123852.0
035 _a(NLR Aleph) 006756123
090 _a5795406
_c5795406
100 _a20110914d1929 |||y0rusy50 ca
101 0 _arus
102 _aRU
105 _ay z |||||
200 1 _aПамятка для сборщиков лекарственных растений
_fН. Ч.
_gГосторг Ц.Ч.О.
210 _aВоронеж
_cГосторг
_d[1929]
_gтип. изд-ва "Коммуна"
215 _a11 с.
_d17х13 см.
300 _aПеред загл. автор - Н. Ч.
702 1 _aЧ.
_bН.
_4570
702 0 _aН. Ч.
_4570
801 0 _aRU
_bNLR
_gpsbo
801 1 _aRU
_bELAR
_2rusmarc
852 _aNLR
_j39/2559
942 _cBOOK
980 _aNB